01545nam a2200229Ia 4500952010800000952011000108952010900218999001700327008004100344020001800385050002100403245011000424260003700534300004200571500009100613505041000704519008201114519005401196650001901250700003901269942000701308 00104070a09b09d2011-02-23l4m1oLB 1060 P76p09 003962r2016-08-09s2016-08-09t1w2012-06-26yLB 00104070a03b03d2014-11-25l3oLB 1060 P76 2010p03 000530r2016-08-22s2016-08-20t1w2014-11-25yLB 00102lcc4070a09b09d2016-01-23l2oLB1060 P76p09 000169r2018-10-16s2016-08-05t2w2016-01-23yLB c95166d95166120626s2010 mx a 000 0 spa d a9789701073223 aLB1060bP76 2010 aPsicología educativab : Para afrontar los desafíos del siglo XXIc / Felipe Tirado Segura... [et.al] aMéxicob : McGraw Hillc, 2010 axxiv, 384 páginasb : ilustraciones aIncluye: índice onomástico (pp.369-374) Incluye: índice analítico (pp.375-384) aOrigen y enfoques contemporáneos de la psicología educativa Los fenómenos psicológicos Psicología del desarrollo Escenarios de la psicología educativa I: la educación familiar Escenrios de la psicología educativa II: la educación institucional Escenarios de la psicología educativa III: las instituciones coeducativas y ambientes culturales formativos Intervención psicoeducativa  aPlan Flexible /bPedagogía /cPsicología Educativa (B03-2) /d(03 000530) aMaterial Complementario /d(09 003962, 09 000169)10aPSICOPEDAGOGIA aTirado Segura, Felipeecolaborador cLB